[Event "Julius Baer Gen Cup D3 W"]
[Site "chess.com INT"]
[Date "2024.09.27"]
[Round "1.4"]
[White "Caruana, F.."]
[Black "Martirosyan, Haik M."]
[Result "1-0"]
[WhiteElo "2798"]
[BlackElo "2667"]
[PlyCount "83"]
[EventDate "2024.09.27"]
[EventType "k.o."]

1. d4 {Piot,Olivier} Nf6 2. c4 e6 3. Nc3 Bb4 4. e3 O-O 5. Bd3 Bxc3+ ({RR} 5... d5) ({RR} 5... c5) 6. bxc3 d6 7. e4 e5 8. Ne2 c5 ({RR} 8... Nc6 9. f3 b6 10. Be3 Ba6 11. Ng3 Qe8 12. O-O Na5 13. Qe2 Qa4 14. f4 exf4 15. Rxf4 Ne8 16. e5 Bxc4 17. Bxh7+ Kxh7 18. Qh5+ Kg8 19. Nf5 Qd7 20. Nh6+ gxh6 21. Rg4+ Ng7 22. Rxg7+ Kxg7 23. Bxh6+ {Sargissian,G (2681)-Pichot,A (2625) Warsaw 2021 1-0}) 9. O-O ({RR} 9. f3 Nc6 10. Be3 b6 11. O-O Ba6 12. Ng3 cxd4 13. cxd4 exd4 14. Bf2 Rc8 15. Rc1 Re8 16. Nf5 g6 17. Nxd4 Ne5 18. Nb5 Bxb5 19. cxb5 Rxc1 20. Qxc1 Nxd3 21. Qc6 Nxf2 22. Rxf2 Qd7 23. Rd2 Qxc6 {Gurevich,D (2347)-Zanette,E (2041) chess.com INT 2025 ½-½ (59)}) 9... Nc6 10. h3 ({RR} 10. Bb2 g5 11. Bc1 Nh5 12. Be3 Qe7 13. g3 Bh3 14. Re1 Qf6 15. Nc1 cxd4 16. cxd4 Ng7 17. d5 Ne7 18. c5 dxc5 19. Bxc5 Rfc8 20. Nb3 Bd7 21. Be3 Ba4 22. Qd2 h6 23. Nc5 b5 24. Be2 Qd6) 10... exd4 $146 ({RR} 10... Re8 11. d5 Ne7 ({RR} 11... Na5) 12. Bg5 Nh5 13. g4 Nf6 14. Bxf6 gxf6 15. f4 Ng6 16. f5 Nf8 17. Ng3 Nd7 18. Qd2 Kf8 19. Kh2 Ke7 20. Nh5 Rg8 21. Rg1 Rg5 22. h4 Rxh5 23. gxh5 Nf8 24. Rg8 Bd7 25. Rb1 {Piot,O (2247)-Quenehen,M (2075) Issy les Moulineaux 2008 EXT 2010 [Piot,Olivier] 1-0 (41)}) 11. cxd4 cxd4 12. Bb2 Nd7 13. Nxd4 Nxd4 14. Bxd4 b6 15. Re1 Bb7 16. Rc1 Re8 17. f3 Rc8 18. Bf1 Re6 19. Qd2 h6 20. Red1 Qe7 21. Rc3 Rg6 22. a4 Bc6 23. Re3 a5 24. Rb1 Rb8 25. Qc2 Re6 26. Ra3 Nc5 27. Ra2 Qe8 28. Qf2 Nxa4 29. Ra3 Nc5 30. e5 Rxe5 31. Bxe5 Qxe5 32. Rxa5 bxa5 33. Rxb8+ Kh7 34. Rb6 Bd7 35. Qd2 a4 36. Rxd6 Be6 37. Qd4 Qg5 38. f4 Qh5 39. g4 Qh4 40. Qxc5 Qg3+ 41. Bg2 a3 42. Ra6 1-0

[Event "Titled Tue 20th Dec Late"]
[Site "chess.com INT"]
[Date "2022.12.20"]
[Round "7"]
[White "Caruana, F.."]
[Black "Mekhitarian, K.."]
[Result "1-0"]
[WhiteElo "2766"]
[BlackElo "2551"]
[PlyCount "103"]
[EventDate "2022.12.20"]

1. d4 Nf6 2. c4 e6 3. Nc3 Bb4 4. a3 Bxc3+ 5. bxc3 b6 6. f3 Ba6 7. e4 Nc6 8. Bd3 Na5 9. Qe2 c5 ({RR} 9... d6 10. Nh3 Qd7 11. Rb1 O-O-O 12. Nf2 e5 13. c5 Bxd3 14. Nxd3 exd4 15. cxb6 axb6 16. cxd4 Kb7 17. O-O Ra8 18. Be3 Nc4 19. Bf2 Nxa3 20. Rb3 Qa4 21. Qb2 Nc4 22. Qc3 Na5 23. Rb4 Qc6 24. Qb2 {Bocharov,D (2605)-Predojevic,B (2626) Moscow 2011 1-0 (58)}) 10. Bg5 h6 11. Bh4 Qc8 $146 ({RR} 11... cxd4 12. Nh3 Qc7 13. cxd4 Nb3 14. Rd1 Nxd4 15. Qb2 Qe5 16. Qf2 Qa5+ 17. Kf1 e5 18. g4 g5 19. Bg3 d6 20. Kg2 Qxa3 21. Ng1 h5 22. Ne2 h4 23. Nxd4 hxg3 24. hxg3 Rxh1 25. Kxh1 exd4 26. Qxd4 {Ongut,T (2215)-Turcan,R (2348) Slovakia SVK 2024 0-1}) ({RR} 11... g5 12. Bg3 d6 13. d5 e5 14. Nh3 Kd7 15. Nf2 h5 16. h4 Nh7 17. Nd1 Nf8 18. hxg5 Ng6 19. Ne3 Kc7 20. Nf5 Bc8 21. Qe3 Ba6 22. Qe2 Qxg5 23. Bh4 Nxh4 24. Rxh4 Bc8 25. Rh3 Bxf5 26. exf5 {Ragnarsson,J (1908)-Sharf,S (1702) Reykjavik ISL 2025 1-0 (48)}) 12. d5 d6 13. Bxf6 gxf6 14. Nh3 Qd7 15. O-O O-O-O 16. Nf4 e5 17. Nh5 Qa4 18. Nxf6 Bxc4 19. g4 Bxd3 20. Qxd3 b5 21. Kg2 a6 22. Kg3 Nc4 23. Rf2 Qb3 24. Qc2 Qxc2 25. Rxc2 Nb6 26. h4 Rdf8 27. f4 exf4+ 28. Kxf4 Kd8 29. Re2 Ke7 30. e5 dxe5+ 31. Kxe5 Nc4+ 32. Kf5+ Kd6 33. a4 b4 34. cxb4 cxb4 35. Rd1 Rc8 36. Ne4+ Kd7 37. d6 Rc6 38. Nf6+ Kd8 39. d7 Re6 40. Rxe6 fxe6+ 41. Kxe6 b3 42. g5 hxg5 43. hxg5 Rh2 44. Re1 b2 45. g6 Re2+ 46. Rxe2 b1=Q 47. g7 Qb6+ 48. Kf7 Nd6+ 49. Kf8 Qc5 50. g8=Q Ne8+ 51. Kf7 Qc4+ 52. Re6 1-0

[Event "Titled Tue 21st Feb Early"]
[Site "chess.com INT"]
[Date "2023.02.21"]
[Round "7"]
[White "Caruana, F.."]
[Black "Mitrabha, G.."]
[Result "1-0"]
[WhiteElo "2766"]
[BlackElo "2510"]
[PlyCount "137"]
[EventDate "2023.02.21"]

1. d4 Nf6 2. c4 e6 3. Nc3 Bb4 4. e3 O-O 5. a3 Bxc3+ 6. bxc3 c5 7. Bd3 Nc6 8. Nf3 d6 9. e4 e5 10. d5 Ne7 11. h3 Ng6 12. g3 Bd7 13. Kf1 h6 14. Kg2 Nh7 15. Qc2 Qc8 16. h4 Ne7 17. h5 f5 18. Nh4 $146 ({RR} 18. exf5 Bxf5 19. Nh4 Bxd3 20. Qxd3 Qg4 21. Ng6 Nxg6 22. hxg6 Ng5 23. Bxg5 Qxg5 24. Rab1 b6 25. a4 Rf6 26. a5 Raf8 27. Rhf1 bxa5 28. Ra1 Rxg6 29. Rxa5 Qg4 30. Rxa7 e4 31. Qd1 Rf3 32. Kh2 Rxf2+ {Balashov,Y-Antoshin,V Moscow 1972 0-1 (34)}) 18... fxe4 19. Bxe4 Nf6 20. Bg6 Bg4 21. f3 Bd7 22. a4 Nxg6 23. Nxg6 Rf7 24. Qe2 e4 25. Bf4 exf3+ 26. Qxf3 Bg4 27. Qe3 Qd7 28. Rae1 Re8 29. Qd3 Nxh5 30. Qd2 Bf5 31. Rxe8+ Qxe8 32. Re1 Qd7 33. Nh4 Nxf4+ 34. gxf4 Bh3+ 35. Kh2 Qg4 36. Re8+ Rf8 37. Rxf8+ Kxf8 38. Qf2 Kf7 39. Nf3 Qxf4+ 40. Kxh3 Kg8 41. Qe2 Kh8 42. Kg2 g5 43. Nd2 Kg7 44. Ne4 g4 45. Ng3 Kg6 46. Qe6+ Kg5 47. Qe7+ Kg6 48. Qe8+ Kg5 49. Qe2 a6 50. a5 Kg6 51. Qe4+ Kg5 52. Qe7+ Kg6 53. Qe6+ Kg5 54. Ne4+ Kh5 55. Qe8+ Kh4 56. Qe7+ Kh5 57. Ng3+ Kg6 58. Qe6+ Kg5 59. Qe4 Qd2+ 60. Ne2 h5 61. Qe7+ Kg6 62. Qxd6+ Kg5 63. Qe5+ Kg6 64. Qd6+ Kg5 65. Qf4+ Qxf4 66. Nxf4 Kxf4 67. d6 h4 68. d7 h3+ 69. Kh2 1-0

[Event "Julius Baer Gen Cup Pl/In"]
[Site "chess.com INT"]
[Date "2024.09.25"]
[Round "2"]
[White "Caruana, F.."]
[Black "Mitrabha, G.."]
[Result "1-0"]
[WhiteElo "2798"]
[BlackElo "2518"]
[PlyCount "65"]
[EventDate "2024.09.25"]

1. d4 Nf6 2. c4 e6 3. Nc3 Bb4 4. e3 O-O 5. a3 ({RR} 5. a4 d5 6. Nf3 c5 7. Bd2 Nc6 8. dxc5 Bxc5 9. Be2 dxc4 10. Bxc4 b6 11. O-O Bb7 12. Qe2 Qe7 13. Rfd1 Rfd8 14. Ba6 Bxa6 15. Qxa6 Nb4 16. Qe2 Nd3 17. Be1 Nxe1 18. Nxe1 Bb4 19. Nb5 Bxe1 {Carlsen,M (2859)-Gukesh,D (2725) chess.com INT 2022 1-0 (46)}) 5... Be7 6. e4 d6 7. Nf3 e5 $146 ({RR} 7... c5 8. d5 exd5 9. exd5 Bg4 10. Be2 Nbd7 11. O-O Re8 12. h3 Bh5 13. g4 Bg6 14. Nh4 Bf8 15. Nxg6 hxg6 16. Qc2 Nh7 17. f4 a6 18. Kg2 Rb8 19. a4 b6 20. Ra3 Rb7 21. g5 Nb8 22. Bg4 {Hakobyan,A (2616)-Rasulov,V (2536) chess.com INT 2024 1-0 (44)}) ({RR} 7... c5 8. d5 exd5 9. cxd5 Bg4 10. Be2 Nbd7 11. O-O a6 12. a4 Rb8 13. Nd2 Bxe2 14. Qxe2 Re8 15. a5 Bf8 16. f3 b5 17. axb6 Nxb6 18. Qd3 a5 19. Nc4 Nxc4 20. Qxc4 Qb6 21. Ra4 Nd7 22. Bf4 {Ten Hacken,J (2020)-Joentausta,H (2097) Prague CZE 2025 1-0 (47)}) 8. Be2 exd4 9. Nxd4 Re8 10. O-O Nc6 11. Be3 Bf8 12. f3 g6 13. Qd2 Bg7 14. Rfd1 Nd7 15. Rab1 Nde5 16. Nxc6 bxc6 17. c5 Bf8 18. b4 Be6 19. cxd6 Bxd6 20. f4 Ng4 21. e5 Bf8 22. h3 Nxe3 23. Qxe3 Qb8 24. Bf3 a5 25. Bxc6 axb4 26. Bxa8 Qxa8 27. axb4 Rb8 28. b5 Qa3 29. Kh2 Kg7 30. Nd5 Qa4 31. Nxc7 Bf5 32. Ra1 Qb4 33. Na6 1-0

[Event "Titled Tue 18th Jun Early"]
[Site "chess.com INT"]
[Date "2024.06.18"]
[Round "9"]
[White "Caruana, F.."]
[Black "Nihal, Sarin"]
[Result "0-1"]
[WhiteElo "2805"]
[BlackElo "2669"]
[PlyCount "80"]
[EventDate "2024.06.18"]

1. d4 Nf6 2. c4 e6 3. Nc3 Bb4 4. e3 O-O 5. a3 Bxc3+ 6. bxc3 c6 7. Bd3 d5 8. Ne2 b6 9. O-O Ba6 10. cxd5 cxd5 11. f3 Bxd3 12. Qxd3 Nc6 ({RR} 12... Nbd7 13. Ng3 e5 14. Bb2 Re8 15. c4 dxc4 16. Qxc4 Rc8 17. Qa4 exd4 18. Qxd4 Ne5 19. Nf5 Nc4 20. Qxd8 Rcxd8 21. Bxf6 gxf6 22. e4 Nd6 23. Ng3 Kg7 24. Rfd1 Kg6 25. Rd4 Nb5 26. Rb4 Nd4 27. Rc1 {Grischuk,A (2742)-Svane,R (2651) Chess.com INT 2022 ½-½}) 13. e4 h6 14. e5 Nd7 15. Ng3 $146 ({RR} 15. f4 f5 16. a4 Rc8 17. Ba3 Rf7 18. g4 Qh4 19. gxf5 Rxf5 20. Ng3 Rxf4 21. Rxf4 Qxf4 22. Rf1 Qg4 23. Qa6 Rc7 24. Bd6 Ncb8 25. Qd3 Rc4 26. Qd2 Nc6 27. Qf2 Qg6 28. Qf3 Rxa4 29. h4 h5 {Ezat,M (2383)-Nihal,S (2688) chess.com INT 2023 0-1 (43)}) 15... Rc8 16. Bd2 f5 17. exf6 Qxf6 18. Rae1 Qf7 19. f4 Rfe8 20. f5 e5 21. f6 e4 22. Qe3 Nxf6 23. Nf5 Qg6 24. Nd6 Na5 25. Qh3 Nc4 26. Nxe8 Rxe8 27. Bc1 b5 28. Rf5 Kh7 29. Rf4 a5 30. Rf2 a4 31. Rff1 e3 32. Bxe3 Nxa3 33. Bf4 Rxe1 34. Rxe1 Ne4 35. Qd7 Nc2 36. Re2 Nxc3 37. Re8 Nxd4 38. Bd2 Nf3+ 39. Kf2 Nxd2 40. Qd8 Qf6+ 0-1

[Event "ITA-chT"]
[Site "Arvier"]
[Date "2012.04.27"]
[Round "1"]
[White "Caruana, Fabiano"]
[Black "Palac, Mladen"]
[Result "1/2-1/2"]
[WhiteElo "2767"]
[BlackElo "2593"]
[PlyCount "103"]
[EventDate "2012.04.27"]
[EventType "team-swiss"]
[EventRounds "7"]
[EventCountry "ITA"]
[SourceTitle "CBM 148 Extra"]
[Source "ChessBase"]
[SourceDate "2012.06.22"]
[SourceVersion "1"]
[SourceVersionDate "2012.06.22"]
[SourceQuality "1"]
[WhiteTeam "Padova Obiettivo"]
[BlackTeam "Banca Nuova"]
[WhiteTeamCountry "ITA"]
[BlackTeamCountry "ITA"]

1. d4 Nf6 2. c4 e6 3. Nc3 Bb4 4. e3 O-O 5. Nge2 d5 6. a3 Bd6 7. c5 Be7 8. b4 c6 9. Nf4 Nbd7 10. Bb2 b6 11. Be2 a5 12. O-O Ba6 13. Bxa6 ({RR} 13. Nd3 Bc4 14. f4 axb4 15. axb4 Rxa1 16. Qxa1 Qa8 17. Qxa8 Rxa8 18. Ra1 Rxa1+ 19. Bxa1 Bd8 20. cxb6 Bxb6 21. Nc5 Bxe2 22. Nxe2 Nb8 23. h3 h5 24. Nc1 Ne8 25. N1d3 Nd6 26. Kf2 Kf8 27. Ke2 Ke7 {Trunz,M (2055)-Tsetskhladze,M (2040) Prague CZE 2024 ½-½ (47)}) 13... Rxa6 14. Qc2 $146 ({RR} 14. Qe2 Qa8 15. Nd3 Qb7 16. Rab1 axb4 17. axb4 Rb8 18. f3 bxc5 19. bxc5 Raa8 20. e4 Qa6 21. Rfc1 Bd8 22. Ra1 Qb7 23. Rxa8 Rxa8 24. Qc2 dxe4 25. fxe4 e5 26. d5 cxd5 27. Nxd5 Nxd5 28. exd5 Qxd5 {Shulman,Y (2549)-Kamsky,G (2717) San Diego 2004 ½-½ (69)}) ({RR} 14. Qe2 Qa8 15. Nd3 Rb8 16. Rfb1 Ra7 17. f3 h6 18. e4 dxe4 19. fxe4 axb4 20. axb4 bxc5 21. dxc5 e5 22. Nd1 Ra2 23. Nc3 Rxa1 24. Rxa1 Qb7 25. Nd1 Qb5 26. Ne3 Rd8 27. Ra5 Qb7 28. Nc4 Nf8 {Koneru,H (2574)-Dzagnidze,N (2520) Moscow 2019 1-0 (56)}) 14... Qc7 15. f3 Rfa8 16. Nd3 R6a7 17. g4 Qc8 18. Rfc1 axb4 19. axb4 bxc5 20. bxc5 Bd8 21. Ne2 Ne8 22. Rxa7 Rxa7 23. Ra1 Rxa1+ 24. Bxa1 Qa6 25. Bb2 Ba5 26. Bc3 Nc7 27. Bxa5 Qxa5 28. Nc3 e5 29. Kg2 exd4 30. exd4 Ne6 31. Ne2 Qa1 32. Qc1 Qa6 33. Qe3 Qa2 34. Kg3 g6 35. Nef4 Ndf8 36. Ne5 Qa4 37. Ne2 f6 38. Nd3 Kf7 39. h4 Qd1 40. Kg2 Qc2 41. Kf2 Qd1 42. Kg2 Qc2 43. Kg3 Qd1 44. Kg2 Qc2 45. Nb4 Qa4 46. Qd2 g5 47. h5 Nf4+ 48. Nxf4 gxf4 49. Nc2 Qb3 50. Nb4 Qa4 51. Nc2 Qb3 52. Nb4 1/2-1/2

[Event "Chessable Masters Play-In"]
[Site "chess.com INT"]
[Date "2024.01.31"]
[Round "4"]
[White "Caruana, F.."]
[Black "Ponkratov, P.."]
[Result "0-1"]
[WhiteElo "2804"]
[BlackElo "2614"]
[PlyCount "154"]
[EventDate "2024.01.31"]

1. d4 {Wells,Peter K} e6 2. c4 Nf6 3. Nc3 Bb4 4. e3 c5 5. Nge2 cxd4 6. exd4 O-O 7. a3 Be7 8. d5 exd5 9. cxd5 Bc5 10. Nd4 d6 11. Be2 Nbd7 12. O-O a6 13. h3 ({RR} 13. Bg5 Re8 14. b4 ({RR} 14. Nb3 Ba7 15. Nd2 h6 16. Bh4 Ne5 17. Nde4 g5 18. Nxf6+ Qxf6 19. Bg3 Bf5 20. Kh1 Ng6 21. Bg4 Nf4) 14... Ba7 15. Rc1 h6 16. Bh4 Nf8 17. h3 Bd7 18. Bg3 Rc8 19. Bf3 Qb6 20. Nb3 Ng6 21. Na5 Ne5 22. Be2 Qd4 23. Qb3 Nd3 24. Bxd3 Qxd3 25. Bxd6 Bd4 26. Na2 Qxb3 27. Nxb3 Bb2) ({RR} 13. Bg5 Re8 14. b4 Ba7 15. Rc1 h6 16. Bh4 Nf8 17. h3 Bd7 18. Bg3 Rc8 19. Bf3 Qb6 20. Nb3 Ng6 21. Na5 Ne5 22. Be2 Qd4 23. Qb3 Nd3 24. Bxd3 Qxd3 25. Bxd6 Bd4 26. Na2 Qxb3 27. Nxb3 Bb2 {Lautier,J (2630)-Anand,V (2765) Monte Carlo 1997 ½-½ (36)}) 13... Re8 14. Be3 Ne5 15. Qd2 $146 ({RR} 15. b4 Bb6 16. Qb3 Bd7 17. a4 Rc8 18. Rac1 Ng6 19. Rfd1 ({RR} 19. Rfe1 Rxe3 20. fxe3 Qe7 21. Bf1 Qe5) 19... Rxe3 20. fxe3 Qe7 ({RR} 20... Qe8 21. Kf2 Rxc3 22. Rxc3 Bxa4 23. Rc8 Qxc8 24. Qxa4 Nxd5 25. Bg4 Qd8) 21. Na2 Rxc1 22. Nxc1 Bxa4 23. Qxa4 Qxe3+ 24. Kh1 Ne4 ({RR} 24... Bxd4) 25. Nf5 ({RR} 25. Qe8+ Nf8 26. Ne6 fxe6 27. dxe6 Nf2+ 28. Kh2 Qxe6 29. Qxe6+ Nxe6 30. Re1) 25... Nf2+ 26. Kh2 Qe5+ 27. Ng3 Ne4 28. Qb3 Bf2 29. Rd3 h5 {Lautier,J (2625)-Topalov,V (2700) Elista 1998 CBM 068 [Wells,Peter K] 0-1 (43)}) 15... Bd7 16. Nc2 Rc8 17. Bxc5 Rxc5 18. Ne3 Qc8 19. f4 Ng6 20. Bd3 Ne7 21. Rac1 Qd8 22. Kh2 h6 23. b4 Rc8 24. Ne4 Nxe4 25. Bxe4 Rxc1 26. Rxc1 Kf8 27. Nc4 Bb5 28. Na5 Ng8 29. Bf3 Qb6 30. Qc3 Nf6 31. Re1 Rxe1 32. Qxe1 Qd4 33. Nxb7 Qxf4+ 34. Qg3 Qxg3+ 35. Kxg3 Ke7 36. Na5 g5 37. Kf2 Kd7 38. Ke3 h5 39. Kd4 Bf1 40. Nc4 g4 41. hxg4 hxg4 42. Bd1 Bxg2 43. Ne3 Bf3 44. Bxf3 gxf3 45. a4 f2 46. Nf1 Kc7 47. Nd2 Nd7 48. Ke3 Nb6 49. Kxf2 Nxd5 50. b5 axb5 51. axb5 Nc3 52. Ke3 Nxb5 53. Ke4 Kd7 54. Nf3 Ke6 55. Ng5+ Kf6 56. Nf3 Nc7 57. Nd4 d5+ 58. Ke3 Ke5 59. Nc6+ Kd6 60. Nd4 Ne6 61. Nf3 Nd8 62. Kf4 Ke6 63. Nd4+ Kf6 64. Ke3 Ne6 65. Nc6 Kf5 66. Ne7+ Ke5 67. Nc6+ Kd6 68. Nb4 f5 69. Kd3 f4 70. Kc3 Ke5 71. Kd3 Nc5+ 72. Ke2 Ke4 73. Nc6 f3+ 74. Kd2 Nd7 75. Nd8 Ne5 76. Ne6 Nc4+ 77. Ke1 Ke3 0-1

[Event "Tata Steel-A 77th"]
[Site "Wijk aan Zee"]
[Date "2015.01.23"]
[Round "11"]
[White "Caruana, Fabiano"]
[Black "Radjabov, Teimour"]
[Result "1/2-1/2"]
[WhiteElo "2820"]
[BlackElo "2734"]
[PlyCount "83"]
[EventDate "2015.01.10"]
[EventType "tourn"]
[EventRounds "13"]
[EventCountry "NED"]
[EventCategory "20"]
[SourceTitle "CBM 165"]
[Source "ChessBase"]
[SourceDate "2015.03.11"]
[SourceVersion "1"]
[SourceVersionDate "2015.03.11"]
[SourceQuality "1"]

1. d4 Nf6 2. c4 e6 3. Nc3 Bb4 4. Nf3 c5 5. g3 Ne4 6. Qc2 Qa5 7. Qxe4 Bxc3+ 8. Bd2 Bxd2+ 9. Nxd2 Nc6 10. dxc5 Qxc5 11. Bg2 b5 12. Qe3 Qxe3 13. fxe3 bxc4 14. Bxc6 dxc6 15. Nxc4 Ba6 $146 ({RR} 15... Rb8 16. b3 Ke7 17. Ne5 Rb6 18. Rc1 Bd7 19. Rf1 f6 20. Nxd7 Kxd7 21. Rf4 Kc7 22. Ra4 a6 23. Rg4 g6 24. Rf4 Rf8 25. Ra4 Rd8 26. Rc3 Rd5 27. e4 Re5 28. g4 a5 29. Rac4 Kd6 30. Kf2 {Hracek,Z (2613)-Oparin,G (2569) Bol 2015 ½-½ (33)}) 16. Nd2 Rb8 17. b3 Ke7 18. Ne4 Rhd8 19. Rc1 e5 20. Kf2 Rb6 21. Rc5 Rd5 22. Rhc1 f5 23. Ng5 h6 24. Nf3 Kd6 25. R5c2 Kc7 26. h3 g6 27. h4 Bb7 28. e4 fxe4 29. Nd2 Bc8 30. Ke3 Bf5 31. Rc5 Rxc5 32. Rxc5 Rb5 33. Rc4 Ra5 34. a4 h5 35. Nxe4 Bxe4 36. Kxe4 Rd5 37. e3 Kd6 38. Rc2 Rd1 39. Rf2 Ke6 40. Rf8 Rg1 41. Re8+ Kd6 42. Kf3 1/2-1/2

[Event "Titled Tue 7th Mar Late"]
[Site "chess.com INT"]
[Date "2023.03.07"]
[Round "9"]
[White "Caruana, F.."]
[Black "Samsonkin, A.."]
[Result "1-0"]
[WhiteElo "2766"]
[BlackElo "2425"]
[PlyCount "59"]
[EventDate "2023.03.07"]

1. d4 Nf6 2. c4 e6 3. Nc3 Bb4 4. e3 O-O 5. Bd3 d5 6. a3 Bxc3+ 7. bxc3 dxc4 8. Bxc4 c5 9. Ne2 Qc7 10. Ba2 e5 ({RR} 10... b6 11. O-O Ba6 12. Bb2 Nc6 13. Rc1 Rfd8 14. c4 cxd4 15. exd4 Ng4 16. Ng3 Qf4 17. h3 Nf6 18. Ne2 Qh4 19. d5 exd5 20. cxd5 Ne7 21. Re1 Nexd5 22. Nd4 Bb7 23. Nf3 Qh6 24. Ne5 Rf8 25. Nc6 {Carlsen,M (2851)-Aronian,L (2780) Leuven 2017 1-0 (49)}) 11. O-O Nc6 12. d5 Rd8 ({RR} 12... Na5 13. c4 b6 14. Bb2 Nb7 15. f4 Nd7 16. fxe5 Re8 17. e6 fxe6 18. Nf4 e5 19. Ne6 Qd6 20. Qh5 Rxe6 21. Qf7+ Kh8 22. dxe6 Nf6 23. Rxf6 gxf6 24. Qxf6+ Kg8 25. Bxe5 Qxe6 26. Qg7# {1-0 (26) Balaji,A (2346)-Schulze,L (2317) London ENG 2025}) 13. c4 $146 ({RR} 13. f3 e4 14. fxe4 Ne5 15. Rf4 Bg4 16. Qc2 Bxe2 17. Qxe2 Ng6 18. Rxf6 gxf6 19. Bb2 Ne5 20. c4 Rd6 21. Rf1 Rb6 22. Rf4 Kf8 23. Rh4 Rxb2 24. Qxb2 Qa5 25. Qe2 Qxa3 26. Rxh7 Qc1+ 27. Kf2 {0-1 (27) Okamura,M (1966)-Aranha Filho,A (2205) Niteroi BRA 2023}) 13... Ne7 14. Bb2 b5 15. Ng3 Nf5 16. Nxf5 Bxf5 17. f3 e4 18. Bxf6 gxf6 19. cxb5 c4 20. Qd4 c3 21. fxe4 Bg6 22. Rxf6 c2 23. Rc1 Rac8 24. Rc6 Qe7 25. R1xc2 Rb8 26. a4 Bxe4 27. d6 Qh4 28. Rf2 Rf8 29. Rc7 Qg4 30. Rcxf7 1-0

[Event "chess.com SpeedChess 2024"]
[Site "chess.com INT"]
[Date "2024.07.31"]
[Round "1.17"]
[White "Caruana, F.."]
[Black "Sarana, A.."]
[Result "1-0"]
[WhiteElo "2796"]
[BlackElo "2717"]
[PlyCount "73"]
[EventDate "2024.07.25"]
[EventType "k.o."]

1. c4 e6 2. Nc3 d5 3. d4 Bb4 4. a3 Bxc3+ 5. bxc3 Nf6 6. cxd5 exd5 7. e3 O-O 8. Bd3 c5 9. Ne2 b6 10. O-O Ba6 11. Bxa6 Nxa6 12. f3 Re8 13. Qd3 Nb8 14. Ng3 Nc6 15. Bb2 c4 16. Qd2 h5 17. Rae1 h4 18. Nf5 Ne7 ({RR} 18... Qd7 19. Nxh4 b5 20. Qc2 a5 21. e4 b4 22. e5 Nh5 23. Bc1 g6 24. g4 Ng7 25. h3 Rab8 26. f4 bxc3 27. Be3 Rb2 28. Qxc3 Rb3 29. Qd2 Reb8 30. f5 Rb2 31. Qd1 Qd8 32. Ng2 R8b3 33. e6 {Le,Q (2731)-Sarana,A (2717) chess.com INT 2024 1-0 (36)}) 19. Nxe7+ ({RR} 19. g4 hxg3 20. Nxg3 Ng6 21. e4 Qd7 22. e5 Nh7 23. f4 f5 24. Qd1 Ngf8 25. a4 g6 26. h4 Ne6 27. h5 Qg7 28. Re2 Kh8 29. Rg2 Qf7 30. hxg6 Qxg6 31. Ne4 Qh6 32. Nd6 {1-0 (31) Sarana,A (2672)-Principe,G (2144) chess.com INT 2025}) 19... Rxe7 20. Qf2 h3 21. g4 $146 ({RR} 21. Kh1 Qd7 22. Rg1 Qf5 23. Bc1 Rae8 24. g4 Ne4 25. Qe2 Qg6 26. Qb2 Re6 27. Rgf1 Rf6 28. a4 Ree6 29. Qe2 Nxc3 30. Qf2 Qd3 31. g5 Ne4 32. Qh4 Rf5 33. Qxh3 Nxg5 34. Qg2 Rg6 35. Rd1 Qb1 {Arias Gaviria,M (2159)-Leiva Rodriguez,J (2406) Lima 2013 0-1 (47)}) 21... Qe8 22. Kh1 b5 23. Rg1 a5 24. Rg3 Nh7 25. Rxh3 Ng5 26. Rh5 f6 27. h4 Nf7 28. Rxd5 b4 29. e4 Rb8 30. Rc5 bxa3 31. Bxa3 Rb3 32. Rxa5 Reb7 33. Bb4 Qb8 34. e5 fxe5 35. dxe5 Nd8 36. Qe2 Qc8 37. e6 1-0

[Event "American Cup-ch"]
[Site "Saint Louis"]
[Date "2022.04.22"]
[Round "2.1"]
[White "Caruana, Fabiano"]
[Black "Sevian, Samuel"]
[Result "1/2-1/2"]
[WhiteElo "2781"]
[BlackElo "2693"]
[PlyCount "77"]
[EventDate "2022.04.20"]
[EventType "k.o."]
[EventRounds "4"]
[EventCountry "USA"]
[SourceTitle "CBM 208 Extra"]
[Source "ChessBase"]
[SourceDate "2022.07.31"]
[SourceVersion "1"]
[SourceVersionDate "2022.07.31"]
[SourceQuality "1"]

1. d4 Nf6 2. c4 e6 3. Nc3 Bb4 4. e3 O-O 5. Bd3 d5 6. a3 Bxc3+ 7. bxc3 dxc4 8. Bxc4 c5 9. Ne2 Qc7 10. Ba2 b6 11. O-O Ba6 12. Re1 Rd8 13. Ng3 Nc6 14. Rb1 Rac8 15. Rb2 h6 16. f4 Na5 17. e4 cxd4 $146 ({RR} 17... Bc4 18. Bb1 cxd4 19. cxd4 Ba6 20. Rf2 Qd7 21. Bb2 Nc4 22. Ba1 Nxa3 23. d5 Ne8 24. Ba2 exd5 25. Bxd5 Bc4 26. Nh5 Bxd5 27. exd5 f6 28. Qd3 Nc4 29. Qg3 Kh8 30. Rfe2 Qf7 31. Qg4 Rc7 32. Rxe8+ {Yu Yangyi (2714)-Xiao,T (2520) Shaoxing CHN 2025 1-0 (39)}) 18. cxd4 Qd7 19. Rd2 Bc4 20. Bxc4 Rxc4 21. Bb2 Qa4 22. d5 Qxd1 23. Rdxd1 exd5 24. Bxf6 gxf6 25. Rxd5 Rxd5 26. exd5 Rxf4 27. Re8+ Kh7 28. Re7 Rd4 29. Rxf7+ Kg6 30. Rxa7 Rxd5 31. Ne2 Rd2 32. Kf2 Nc6 33. Ra8 Nd4 34. Ke3 Rxe2+ 35. Kxd4 Kf7 36. Ra7+ Kg6 37. Ra8 Kf7 38. Ra7+ Kg6 39. Ra8 1/2-1/2